Mixed Drinks Word Scramble Quiz Stats

 Plays Quiz not verified by Sporcle

Score 0/14 Timer 04:00
0 Plays Today
Hint Answer % Correct
yoobld myrabloody mary
94.1%
dol ahsfnoiold fashion
85.3%
onlg slidna deic eatlong island iced tea
85.3%
tiiarmnmartini
82.4%
aim iatmai tai
82.4%
wsocmo lumemoscow mule
79.4%
mto licnsoltom collins
76.5%
Hint Answer % Correct
wsrceirevrdscrewdriver
76.5%
gitaramarmargarita
73.5%
milteggimlet
70.6%
zimakekakamikaze
70.6%
quidriaidaiquiri
64.7%
hatmntneamanhatten
50%
poocatsmilonacosmopolitan
38.2%

You're not logged in!

Compare scores with friends on all Sporcle quizzes.
OR
Log In

Show Comments

Extras

Created Jan 2, 2016ReportNominate
Tags:cocktail, drink, mixed, scramble

Top Quizzes Today


Score Distribution

Your Account Isn't Verified!

In order to create a playlist on Sporcle, you need to verify the email address you used during registration. Go to your Sporcle Settings to finish the process.

Report this User

Report this user for behavior that violates our Community Guidelines.

Details: